| 000 | 00492nam a2200181 i 4500 | ||
|---|---|---|---|
| 001 | 128916 | ||
| 003 | ES-MaACL | ||
| 005 | 20230906193407.0 | ||
| 007 | t| | ||
| 008 | 070530s1978 mx ||||1| spa d | ||
| 080 | _a860-31"19" | ||
| 100 | 1 |
_aTejada, Leonor. _9109560 |
|
| 245 | 1 | 0 |
_aPor la senda del rayo _b: novela / _cpor Leonor Tejada. |
| 250 | _a[1ª ed.]. | ||
| 260 |
_a[México, D.F.] : _bSerantes, _c[1978] |
||
| 300 |
_a389 p. ; _c20 cm. |
||
| 852 |
_aES-MaACL _jA-9833 _bR.99170 |
||
| 999 |
_c128916 _d128916 |
||